<?xml version="1.0" encoding="UTF-8"?>
<collection xmlns="http://www.loc.gov/MARC21/slim">
 <record>
  <leader>01579nam a2200217Ia 4500</leader>
  <controlfield tag="001">CTU_91714</controlfield>
  <controlfield tag="008">210402s9999    xx            000 0 und d</controlfield>
  <datafield tag="020" ind1=" " ind2=" ">
   <subfield code="c">29000</subfield>
  </datafield>
  <datafield tag="082" ind1=" " ind2=" ">
   <subfield code="a">658.4012</subfield>
  </datafield>
  <datafield tag="082" ind1=" " ind2=" ">
   <subfield code="b">O.58</subfield>
  </datafield>
  <datafield tag="100" ind1=" " ind2=" ">
   <subfield code="a">Ono, Keinosuke</subfield>
  </datafield>
  <datafield tag="245" ind1=" " ind2="0">
   <subfield code="a">Quản trị chiến lược các doanh nghiệp sản xuất =</subfield>
  </datafield>
  <datafield tag="245" ind1=" " ind2="4">
   <subfield code="b">The strategic management of manufacturing businesses</subfield>
  </datafield>
  <datafield tag="245" ind1=" " ind2="0">
   <subfield code="c">Keinosuke Ono, Tatsuyuki Negoro</subfield>
  </datafield>
  <datafield tag="260" ind1=" " ind2=" ">
   <subfield code="a">TP. Hồ Chí Minh</subfield>
  </datafield>
  <datafield tag="260" ind1=" " ind2=" ">
   <subfield code="b">Nxb. TP. Hồ Chí Minh</subfield>
  </datafield>
  <datafield tag="260" ind1=" " ind2=" ">
   <subfield code="c">2004</subfield>
  </datafield>
  <datafield tag="520" ind1=" " ind2=" ">
   <subfield code="a">Quản Trị Chiến Lược Các Doanh Nghiệp Sản Xuất đề cập đến những vấn đề căn bản và mở rộng của lãnh vực quản trị chiến lược trong kinh doanh, đặc biệt là đối với các doanh nghiệp sản xuất. Các tác giả Nhật Bản đã giới thiệu về chiến lược cạnh tranh, chiến lược sản xuất... bao gồm chu kỳ đời sống sản phẩm (PLC), quản lý và bù trừ sản phẩm (PPM), chính sách điểm đơn hàng thâm nhập quá trình (OPP) sản xuất trang thiết bị nguyên gốc (OEM), các nguyên tắc then chốt để gia tăng năng lực cạnh tranh, cũng như về sự tạo nét đặc thù cho doanh nghiệp (Differentiation) và tổng lực (Synergy) ...</subfield>
  </datafield>
  <datafield tag="650" ind1=" " ind2=" ">
   <subfield code="a">Strategic management</subfield>
  </datafield>
  <datafield tag="904" ind1=" " ind2=" ">
   <subfield code="i">Nguyên</subfield>
  </datafield>
  <datafield tag="980" ind1=" " ind2=" ">
   <subfield code="a">Trung tâm Học liệu Trường Đại học Cần Thơ</subfield>
  </datafield>
 </record>
</collection>
